[Event "CRC-ch qual (Women)"]
[Site "San Jose"]
[Date "2016.03.20"]
[Round "6.5"]
[White "Bogantes Robleto, Karina"]
[Black "Elizondo Aguilar, Grettel"]
[Result "1-0"]
[WhiteElo "1604"]
[BlackElo "1701"]
[PlyCount "107"]
[EventDate "2016.03.05"]
[EventType "swiss"]
[EventRounds "7"]
[EventCountry "CRI"]
[SourceTitle "EXT 2024"]
[Source "ChessBase"]
[SourceDate "2023.10.10"]
[SourceVersion "1"]
[SourceVersionDate "2023.10.10"]
[SourceQuality "1"]

1. d4 e6 2. Bf4 d5 3. Nf3 Nf6 4. e3 Be7 5. Bd3 0-0 6. 0-0 Nc6 7. h3 b6 8. c3 Bb7 9. Nbd2 Qc8 10. Re1 Ba6 11. Bb1 Re8 12. Qc2 g6 13. Ne5 Bb7 14. g4 Nxe5 15. dxe5 Ne4 16. Nxe4 dxe4 17. Qa4 f5 18. exf6 Bxf6 19. Bxe4 Bxe4 20. Qxe4 e5 21. Bg3 Qe6 22. Red1 c6 23. Qa4 a6 24. Rd2 a5 25. Rad1 Red8 26. Rxd8+ Rxd8 27. Rxd8+ Bxd8 28. Qb3 Qxb3 29. axb3 Bc7 30. Kg2 Kf7 31. Kf3 Ke6 32. Ke4 g5 33. f4 exf4 34. exf4 gxf4 35. Bxf4 Bd8 36. g5 b5 37. Be3 a4 38. bxa4 bxa4 39. h4 Bc7 40. Bf4 Bd8 41. Kd4 Be7 42. Kc4 a3 43. bxa3 Bxa3 44. Be3 Bd6 45. h5 Kf5 46. g6 hxg6 47. h6 Be5 48. Bd4 Bxd4 49. cxd4 Kf6 50. Kc5 g5 51. Kxc6 g4 52. d5 Kg6 53. d6 g3 54. d7 1-0

[Event "CRC-ch qual (Women)"]
[Site "San Jose"]
[Date "2016.03.19"]
[Round "4.4"]
[White "Elizondo Aguilar, Grettel"]
[Black "Castillo Morales, Thais"]
[Result "0-1"]
[WhiteElo "1701"]
[BlackElo "1778"]
[PlyCount "54"]
[EventDate "2016.03.05"]
[EventType "swiss"]
[EventRounds "7"]
[EventCountry "CRI"]
[SourceTitle "EXT 2024"]
[Source "ChessBase"]
[SourceDate "2023.10.10"]
[SourceVersion "1"]
[SourceVersionDate "2023.10.10"]
[SourceQuality "1"]

1. d4 e6 2. Nf3 f5 3. Bf4 d5 4. e3 Nf6 5. Bd3 Be7 6. Nbd2 0-0 7. Ne5 Nbd7 8. 0-0 c6 9. Bg3 Nxe5 10. dxe5 Ne4 11. Nxe4 fxe4 12. Be2 g6 13. c3 h5 14. f4 Qb6 15. Qd2 Bc5 16. Bf2 Bd7 17. Rab1 Kg7 18. Bh4 Bxe3+ 19. Qxe3 Qxe3+ 20. Rf2 Rxf4 21. Bf6+ Kh7 22. Rbf1 Rxf2 23. Rxf2 Rf8 24. g3 c5 25. Kg2 d4 26. cxd4 Qxd4 27. Bf1 Bc6 0-1